000 00874nam a2200253Ia 4500
001 21683
005 20260320113304.0
008 260320s9999||||xx |||||||||||||| ||und||
020 _a9788436844962
041 _aESP
082 _a302
_bM32Q
100 _aMaya Jariego, Isidro,
_eCOR
245 0 _aQué funciona en la prevención comunitaria :
_bcasos de intervención psicosocial efectiva
246 _a
_5
_b
260 _aMadrid :
_bEdiciones Pirámide,
_c2021
300 _a340 páginas .
_b
_c
_e
440 _a(Colección Psicología)
_n
_v
650 _aPSI
653 _aPsicología social; Psicología comunitaria - Intervención; Interacción social
654 _aCHU
700 _aHolgado Ramos, Daniel,
_cCOR
856 _uhttps://login.ucsp.lookproxy.com/login?url=https://www.jstor.org/
_zVéase además: Base de datos JSTOR
942 _cLIB
_dJUS
_fTRC
_2ddc
_n
999 _c21683
_d21683